The school reform landscape reloaded : more fraud, myths, and lies /

Bibliographic Details
Main Author: Tienken, Christopher (Author)
Corporate Author: ProQuest (Firm)
Format: eBook
Language:English
Published: Lanham : Rowman & Littlefield, [2021]
Edition:2nd edition.
Subjects:
Online Access:Connect to the full text of this electronic book

MARC

Tag First Indicator Second Indicator Subfields
LEADER 00000cam a2200000Mi 4500
001 in00004419113
006 m o d
007 cr cn|||||||||
008 201120t20212021mdu ob 001 0 eng d
005 20250816204512.5
020 |a 9781475850307 
020 |a 1475850301 
020 |z 1475850298 
020 |z 9781475850291 
024 8 |a 40030289623 
035 |a (NhCcYBP)ebc6382212 
037 |a 6382212  |b Proquest Ebook Central 
040 |a NhCcYBP  |c NhCcYBP  |d UtOrBLW 
043 |a n-us--- 
050 4 |a LB2822.82  |b .T54 2021 
082 0 4 |a 371.2/07  |2 23 
100 1 |a Tienken, Christopher,  |e author.  |0 http://id.loc.gov/authorities/names/no2003082510 
245 1 4 |a The school reform landscape reloaded :  |b more fraud, myths, and lies /  |c Christopher H. Tienken. 
250 |a 2nd edition. 
264 1 |a Lanham :  |b Rowman & Littlefield,  |c [2021] 
264 4 |c ©2021 
300 |a 1 online resource. 
336 |a text  |b txt  |2 rdacontent 
337 |a computer  |b c  |2 rdamedia 
338 |a online resource  |b cr  |2 rdacarrier 
504 |a Includes bibliographical references and index. 
588 |a Description based on online resource. 
500 |a Electronic resource. 
650 0 |a School improvement programs  |z United States.  |0 http://id.loc.gov/authorities/subjects/sh2008111248 
650 0 |a Public schools  |z United States.  |0 http://id.loc.gov/authorities/subjects/sh2008110236 
650 0 |a Education and state  |z United States.  |0 http://id.loc.gov/authorities/subjects/sh2008102666 
650 0 |a Educational equalization  |z United States.  |0 http://id.loc.gov/authorities/subjects/sh2008102489 
655 7 |a Electronic books.  |2 local 
710 2 |a ProQuest (Firm)  |0 http://id.loc.gov/authorities/names/n2007068018 
776 1 8 |i Print version:  |z 1475850298  |z 9781475850291 
856 4 0 |u https://ebookcentral.proquest.com/lib/tamucs/detail.action?docID=6382212  |z Connect to the full text of this electronic book  |t 0 
945 |b 733938 
955 |a YBP purchased approval e-records 
980 |b 120.00  |g 1 
987 |a ybp17093771 
999 f f |s 64fa219d-7a8d-3d54-8795-8e7d8d358ef2  |i 1598f2ce-502b-37ed-a6ae-9b47b011a988  |t 0 
952 f f |a Texas A&M University  |b College Station  |c Electronic Resources  |d Available Online  |t 0  |e LB2822.82 .T54 2021  |h Library of Congress classification 
998 f f |a LB2822.82 .T54 2021  |t 0  |l Available Online